|
|
|
|
| LEADER |
00000nab a2200000 a 4500 |
| 001 |
vtls000631443 |
| 003 |
SK-MaSNL |
| 005 |
20260305042627.0 |
| 008 |
160401c1996 xo 0 slo |
| 015 |
|
|
|a SNBRB19rr/mm-uuuuu
|
| 035 |
|
|
|a CL0631582
|
| 040 |
|
|
|a SNKBUCL
|b slo
|c SNKBUCL
|e AACR2
|
| 041 |
0 |
|
|a slo
|
| 044 |
|
|
|a xo
|c SK
|
| 080 |
|
|
|a 331.57:351.712(437.6)
|2 1981
|
| 080 |
|
|
|a 351.712(437.6)
|2 1981
|
| 100 |
1 |
|
|a Benkovičová, Petra
|4 aut
|9 776958
|
| 245 |
1 |
0 |
|a Projekt vykonávania verejnoprospešných prác zlyhal
|c Petra Benkovičová
|
| 650 |
0 |
7 |
|a nezamestnanosť
|2 snkbucl
|9 4271
|
| 650 |
0 |
7 |
|a verejnoprospešné práce
|2 snkbucl
|9 2334
|
| 655 |
|
7 |
|a články z novín a časopisov
|2 snkbucl
|9 267496
|
| 773 |
0 |
|
|t Trend
|g Č. 43 (1996), s. 10A
|
| 850 |
|
|
|a Slovenská národná knižnica v Martine
|a MTA001
|
| 852 |
|
|
|a SNK
|b KIS3GCP
|
| 958 |
|
|
|a NX
|
| 958 |
|
|
|a SK
|
| 958 |
|
|
|a RK
|
| 958 |
|
|
|a RBX
|
| 999 |
|
|
|c 3350279
|d 3352209
|